Materno-fetálna medicína

Bibliographic Details
Main Author: Martinický, Dávid (Author)
Format: Article
Language:Slovak
PhysicalDescription:Fotogr.
ISSN:1335-4477
Subjects:

MARC

LEADER 00000nab a2200000 a 4500
001 vtls008408957
003 SK-MaSNL
005 20260303070114.0
008 140303c2005 xo wrzp 0 0slo
015 |a SNBRB2005/09  |2 snkbucl 
040 |a SNKBUCL  |b slo  |c SNKBUCL  |e AACR2 
041 0 |a slo 
044 |a xo  |c SK 
080 |a 618.3  |2 1997 
100 1 |a Martinický, Dávid  |4 aut  |9 871343 
245 1 0 |a Materno-fetálna medicína  |c Dávid Martinický 
300 |b Fotogr. 
610 2 7 |a Slovenská gynekologicko-pôrodnícka spoločnosť  |x kongresy  |d 26.-28.5.2005  |c Bratislava, Slovensko  |2 snkbucl  |9 1067069 
650 0 7 |a medicína materno-fetálna  |2 snkbucl  |9 1067074 
773 0 |t Zdravotnícke noviny  |g Roč. X, č. 25 (2005)  |x 1335-4477 
773 0 8 |t Kompendium medicíny  |g S. 24-27 
852 |a SNK  |b KIS3GCP 
958 |a ME  |2 snkbucl 
999 |c 1753988  |d 1755918